00600nam a2200217 i 4500001001100000003000500011005001700016008004100033040002500074082001400099090001900113245004700132264007000179300001000249336002100259337002500280338002300305650002500328942001000353999001900363C2-0299886PPAK20180728081455.0090908s2005 my |||| ||||| | zxx d aPPAKbengcPPAKerda04a338.922300a338.9bPEMdKK00aPembangunan (Keratan Akhbar Koleksi Kedah) 1aAlor Setar, Kedah : bPerbadanan Perpustakaan Awam Kedah , c2005 c33 cm 2rdacontentatext 2rdamediaaunmediated 2rdacarrieravolume10aDeveloping countries ddccB c103806d103806